[Event "TCh-FRA Top 12 2014"]
[Site "Saint-Quentin FRA"]
[Date "2014.05.30"]
[Round "7.5"]
[White "Eliet, Nicolas"]
[Black "Libiszewski, Fabien"]
[Result "1/2-1/2"]
[WhiteTitle "IM"]
[BlackTitle "GM"]
[WhiteElo "2402"]
[BlackElo "2543"]
[WhiteTeam "Les Tours de Haute Picardie"]
[BlackTeam "Echecs Club Montpellier"]
[WhiteFideId "602302"]
[BlackFideId "616834"]
[EventDate "2014.05.24"]

1. b3 g6 2. Bb2 Nf6 3. Bxf6 exf6 4. c4 Bg7 5. Nc3 f5 6. g3 O-O 7. Bg2 d6 8. e3
Nd7 9. Nge2 Nf6 10. O-O c6 11. Rb1 Be6 12. d4 d5 13. Nf4 Ne4 14. Na4 Re8 15.
cxd5 Bxd5 16. Qc2 Bf8 17. Rfd1 Bd6 18. Nxd5 cxd5 19. b4 Rc8 20. Qb3 Rc4 21. a3
Qc7 22. Nc5 b6 23. Nxe4 dxe4 24. Qa4 1/2-1/2

[Event "TCh-FRA Top 12 2014"]
[Site "Saint-Quentin FRA"]
[Date "2014.05.30"]
[Round "7.6"]
[White "Collas, Silvia"]
[Black "Bunzmann, Dimitrij"]
[Result "1-0"]
[WhiteTitle "IM"]
[BlackTitle "GM"]
[WhiteElo "2290"]
[BlackElo "2464"]
[WhiteTeam "Echecs Club Montpellier"]
[BlackTeam "Les Tours de Haute Picardie"]
[WhiteFideId "2902265"]
[BlackFideId "4634284"]
[EventDate "2014.05.24"]

1. c4 b6 2. Nc3 Bb7 3. e4 e6 4. Nge2 f5 5. exf5 exf5 6. Nf4 Nf6 7. Be2 Bd6 8. d4
O-O 9. O-O Ne4 10. c5 Bxf4 11. Bxf4 Nxc3 12. bxc3 Kh8 13. Bf3 Bxf3 14. Qxf3 Na6
15. Qd3 Qc8 16. Rae1 bxc5 17. Re7 d6 18. Rfe1 cxd4 19. cxd4 Rb8 20. a3 Rf6 21.
h4 Qb7 22. Bxd6 Rbf8 23. Be5 Rg6 24. g3 h6 25. d5 Qb6 26. Qc3 Kg8 27. Bxg7 f4
28. Bd4 Qd6 29. h5 Rg5 30. Qd3 Rff5 31. Re8+ Kf7 32. Qxa6 fxg3 33. f4 Re5 34.
Qxd6 1-0

[Event "TCh-FRA Top 12 2014"]
[Site "Saint-Quentin FRA"]
[Date "2014.05.30"]
[Round "7.7"]
[White "Cappon, John"]
[Black "Touzane, Olivier"]
[Result "0-1"]
[BlackTitle "IM"]
[WhiteElo "2238"]
[BlackElo "2325"]
[WhiteTeam "Les Tours de Haute Picardie"]
[BlackTeam "Echecs Club Montpellier"]
[WhiteFideId "608459"]
[BlackFideId "602906"]
[EventDate "2014.05.24"]

1. e4 g6 2. d4 Bg7 3. Be3 d6 4. Qd2 a6 5. Nc3 b5 6. f3 Bb7 7. Nge2 Nd7 8. Nc1 c5
9. Be2 Rc8 10. d5 c4 11. Nd1 Nc5 12. Rb1 Nf6 13. Nf2 O-O 14. O-O e6 15. dxe6
Nxe6 16. Bh6 d5 17. Bxg7 Kxg7 18. e5 Nd7 19. f4 d4 20. Bg4 Ndc5 21. Ne2 d3 22.
cxd3 cxd3 23. Ng3 h5 24. Bxe6 fxe6 25. f5 exf5 26. b4 Ne6 27. Qxd3 h4 28. Ne2
Qg5 29. g3 Rfd8 30. Qb3 Bd5 31. Qa3 Rc2 32. Nh3 Rxe2 0-1

[Event "TCh-FRA Top 12 2014"]
[Site "Saint-Quentin FRA"]
[Date "2014.05.30"]
[Round "7.8"]
[White "Buscara, Sevan"]
[Black "Benmesbah, Natacha"]
[Result "1/2-1/2"]
[WhiteTitle "FM"]
[BlackTitle "WIM"]
[WhiteElo "2379"]
[BlackElo "2187"]
[WhiteTeam "Echecs Club Montpellier"]
[BlackTeam "Les Tours de Haute Picardie"]
[WhiteFideId "650234"]
[BlackFideId "642002"]
[EventDate "2014.05.24"]

1. g3 Nf6 2. Bg2 c5 3. c4 e6 4. Nf3 Be7 5. O-O O-O 6. Nc3 d5 7. cxd5 Nxd5 8. e4
Nb4 9. d4 cxd4 10. Nxd4 N8c6 11. Nxc6 bxc6 12. Qa4 Qc7 13. Rd1 a5 14. Bf1 e5 15.
Be3 Bg4 16. Rd2 Rfd8 17. Rxd8+ Rxd8 18. a3 Nd3 19. Qc2 Nc5 20. Na4 Nxa4 21. Qxa4
Qb7 22. b3 Bf3 23. Rc1 h6 24. Rxc6 Bxa3 25. Qc4 Rd7 26. h3 Qb4 27. Kh2 Qxc4 28.
Rxc4 Rd1 29. Bg2 Bxg2 30. Kxg2 Rd3 31. Ra4 Bb4 32. Bb6 Rxb3 1/2-1/2

[Event "TCh-FRA Top 12 2014"]
[Site "Saint-Quentin FRA"]
[Date "2014.05.30"]
[Round "7.1"]
[White "Swiercz, Dariusz"]
[Black "Riazantsev, Alexander"]
[Result "1/2-1/2"]
[WhiteTitle "GM"]
[BlackTitle "GM"]
[WhiteElo "2608"]
[BlackElo "2692"]
[WhiteTeam "C.E. de Rueil Malmaison"]
[BlackTeam "Club d'Echecs Metz Fischer"]
[WhiteFideId "1126881"]
[BlackFideId "4125029"]
[EventDate "2014.05.24"]

1. e4 e6 2. d4 d5 3. Nd2 c5 4. exd5 Qxd5 5. dxc5 Nf6 6. Ngf3 Qxc5 7. Bd3 Nbd7 8.
O-O Be7 9. Qe2 b6 10. Ne4 Qc7 11. Nxf6+ Bxf6 12. Ng5 Nc5 13. Ne4 Nxd3 14. Nxf6+
gxf6 15. Qxd3 Bb7 16. Rd1 Rg8 17. f3 Rd8 18. Qxd8+ Qxd8 19. Rxd8+ Kxd8 20. Kf2
Kc7 21. a4 e5 22. Be3 f5 23. g3 f4 24. gxf4 e4 25. fxe4 Bxe4 26. Rg1 Rxg1 27.
Kxg1 Bxc2 28. a5 1/2-1/2

[Event "TCh-FRA Top 12 2014"]
[Site "Saint-Quentin FRA"]
[Date "2014.05.30"]
[Round "7.2"]
[White "Iordachescu, Viorel"]
[Black "Baron, Tal"]
[Result "1-0"]
[WhiteTitle "GM"]
[BlackTitle "GM"]
[WhiteElo "2594"]
[BlackElo "2515"]
[WhiteTeam "Club d'Echecs Metz Fischer"]
[BlackTeam "C.E. de Rueil Malmaison"]
[WhiteFideId "13900200"]
[BlackFideId "2809958"]
[EventDate "2014.05.24"]

1. e4 c5 2. Nf3 d6 3. Bb5+ Nc6 4. O-O Bd7 5. Re1 Nf6 6. c3 a6 7. Bf1 Bg4 8. h3
Bxf3 9. Qxf3 e6 10. d3 Be7 11. Nd2 O-O 12. Qd1 d5 13. e5 Nd7 14. Nf3 b5 15. Bf4
d4 16. c4 Rb8 17. b3 bxc4 18. dxc4 a5 19. Bd3 a4 20. Be4 Rb6 21. h4 Bxh4 22. g4
f5 23. gxf5 exf5 24. Bd5+ Kh8 25. e6 Ndb8 26. Bxb8 Nxb8 27. Ne5 Qg5+ 28. Kf1 Qf4
29. Qe2 Re8 30. bxa4 g6 31. Rab1 Rxb1 32. Rxb1 Na6 33. Nd3 Qd6 34. Rb6 1-0

[Event "TCh-FRA Top 12 2014"]
[Site "Saint-Quentin FRA"]
[Date "2014.05.30"]
[Round "7.3"]
[White "Williams, Simon K"]
[Black "Postny, Evgeny"]
[Result "0-1"]
[WhiteTitle "GM"]
[BlackTitle "GM"]
[WhiteElo "2465"]
[BlackElo "2641"]
[WhiteTeam "C.E. de Rueil Malmaison"]
[BlackTeam "Club d'Echecs Metz Fischer"]
[WhiteFideId "404454"]
[BlackFideId "2804344"]
[EventDate "2014.05.24"]

1. d4 d5 2. c4 c6 3. Nc3 Nf6 4. Nf3 a6 5. Qc2 dxc4 6. e4 b5 7. a4 e6 8. Be2 Bb7
9. O-O Be7 10. Bg5 h6 11. Bh4 O-O 12. b3 b4 13. e5 Nd5 14. Bxe7 Qxe7 15. Ne4
cxb3 16. Qxb3 a5 17. Nfd2 c5 18. Nxc5 Nc3 19. Bf3 Bxf3 20. Nxf3 Nc6 21. Qc4 Rfc8
22. Rfe1 Nxe5 23. dxe5 Qxc5 24. Nd4 0-1

[Event "TCh-FRA Top 12 2014"]
[Site "Saint-Quentin FRA"]
[Date "2014.05.30"]
[Round "7.4"]
[White "Wirig, Anthony"]
[Black "Renet, Olivier"]
[Result "1/2-1/2"]
[WhiteTitle "GM"]
[BlackTitle "GM"]
[WhiteElo "2488"]
[BlackElo "2480"]
[WhiteTeam "Club d'Echecs Metz Fischer"]
[BlackTeam "C.E. de Rueil Malmaison"]
[WhiteFideId "615013"]
[BlackFideId "600040"]
[EventDate "2014.05.24"]

1. b3 e5 2. Bb2 Nc6 3. e3 d6 4. Nf3 g6 5. d4 Bg7 6. dxe5 Nxe5 7. Nxe5 Bxe5 8.
Nc3 Bd7 9. Qd2 Bc6 10. O-O-O Qe7 11. f4 Bg7 12. e4 Nf6 13. Bd3 O-O-O 14. Rde1
Kb8 1/2-1/2

[Event "TCh-FRA Top 12 2014"]
[Site "Saint-Quentin FRA"]
[Date "2014.05.30"]
[Round "7.5"]
[White "Camus de Solliers, Guillaume"]
[Black "Koch, Jean-Rene"]
[Result "1/2-1/2"]
[WhiteTitle "FM"]
[BlackTitle "IM"]
[WhiteElo "2351"]
[BlackElo "2455"]
[WhiteTeam "C.E. de Rueil Malmaison"]
[BlackTeam "Club d'Echecs Metz Fischer"]
[WhiteFideId "631256"]
[BlackFideId "600148"]
[EventDate "2014.05.24"]

1. d4 d5 2. c4 e6 3. Nc3 c5 4. cxd5 exd5 5. Nf3 Nc6 6. dxc5 d4 7. Na4 Bxc5 8.
Nxc5 Qa5+ 9. Bd2 Qxc5 10. b4 Nxb4 11. Rc1 Qd6 12. e3 Nc6 13. Nxd4 Nxd4 14. exd4
Ne7 15. Be2 O-O 16. O-O Qxd4 17. Bf3 Be6 18. Bxb7 Rab8 19. Bf3 Bxa2 20. Be3 Qxd1
21. Rfxd1 a5 22. Bc5 Rfe8 23. Bd6 Bb3 24. Re1 Nf5 25. Bxb8 Rxb8 26. Re5 Nd4 27.
Rxa5 Nxf3+ 28. gxf3 Be6 29. Kg2 g6 30. Rc7 Kg7 31. Re5 Kf6 32. Ra5 Rb4 33. Rca7
h5 34. Ra4 Rb3 35. Ra3 Rb2 36. h4 Rb1 37. Ra1 Rb2 38. R1a4 Rb1 39. Rf4+ Kg7 40.
Re7 Ra1 41. Re8 Rb1 42. Re7 Ra1 43. Rb7 Rc1 44. Rd4 Kf6 45. Rdb4 Ra1 46. Rb1 Ra3
47. Re1 Ra4 48. Kg3 Ra3 49. Rb2 Bd5 50. Rb6+ Be6 51. Rbb1 Bf5 52. Rbc1 Ra4 53.
Rc6+ Be6 54. Rb6 Ra2 55. f4 Ra3+ 56. f3 Kg7 57. Rexe6 fxe6 58. Rxe6 Kf7 59. f5
gxf5 60. Rh6 Ra4 61. Rxh5 Kg6 62. Rg5+ Kf6 63. Rg8 Kf7 64. Rb8 Kg6 65. Rb6+ Kg7
66. h5 Rc4 67. Rg6+ Kf7 68. Ra6 Kg7 69. Rb6 Ra4 70. Rc6 Rb4 71. Rd6 Ra4 72. Rb6
Rc4 73. Rg6+ Kf7 74. f4 Ra4 75. Rg5 Kf6 76. h6 Ra3+ 77. Kh4 Ra1 78. Rg3 Rh1+ 79.
Rh3 Rxh3+ 80. Kxh3 Kg6 1/2-1/2

[Event "TCh-FRA Top 12 2014"]
[Site "Saint-Quentin FRA"]
[Date "2014.05.30"]
[Round "7.6"]
[White "Terrieux, Kevin"]
[Black "Dubessay, Bastien"]
[Result "1-0"]
[WhiteTitle "IM"]
[BlackTitle "FM"]
[WhiteElo "2416"]
[BlackElo "2352"]
[WhiteTeam "Club d'Echecs Metz Fischer"]
[BlackTeam "C.E. de Rueil Malmaison"]
[WhiteFideId "622591"]
[BlackFideId "650048"]
[EventDate "2014.05.24"]

1. e4 c5 2. Nc3 Nc6 3. Bb5 e6 4. Bxc6 bxc6 5. d3 Qc7 6. f4 d6 7. Nf3 Nf6 8. e5
Nd7 9. exd6 Bxd6 10. Qd2 c4 11. dxc4 Nf6 12. Ng5 Ba6 13. Nce4 Be7 14. Qe2 Qb6
15. c3 Nd5 16. b3 h6 17. Nf3 O-O 18. Bd2 Nf6 19. Nxf6+ Bxf6 20. Ne5 Bxe5 21.
Qxe5 f6 22. Qe3 Rad8 23. Qxb6 axb6 24. O-O-O c5 25. Be3 Bb7 26. Rxd8 Rxd8 27.
Rg1 Rd3 28. Bd2 Kf7 29. Kd1 Rd8 30. g3 Bf3+ 31. Kc1 Ra8 32. a4 f5 33. Rf1 Be4
34. Be3 Ke7 35. Rd1 h5 36. Rd2 Rd8 37. a5 Rxd2 38. Kxd2 bxa5 39. Bxc5+ Kd7 40.
Bb6 a4 41. bxa4 Bb7 42. Ke3 Ba6 43. Kd4 Kc6 44. a5 Kd6 45. Bc5+ Kc6 46. Bf8 g6
47. Ba3 Bc8 48. Ke5 Ba6 49. Kxe6 Bxc4+ 50. Kf6 Be2 51. Kxg6 Bg4 52. Kg5 Kb5 53.
Bb4 1-0

[Event "TCh-FRA Top 12 2014"]
[Site "Saint-Quentin FRA"]
[Date "2014.05.30"]
[Round "7.7"]
[White "Loiseau, Quentin"]
[Black "Belkhodja, Slim"]
[Result "1-0"]
[WhiteTitle "IM"]
[BlackTitle "GM"]
[WhiteElo "2365"]
[BlackElo "2410"]
[WhiteTeam "C.E. de Rueil Malmaison"]
[BlackTeam "Club d'Echecs Metz Fischer"]
[WhiteFideId "665274"]
[BlackFideId "600229"]
[EventDate "2014.05.24"]

1. d4 d6 2. Nf3 Nf6 3. c4 g6 4. Nc3 Bg7 5. e4 O-O 6. Be2 e5 7. Be3 Nbd7 8. O-O
a5 9. d5 Nh5 10. g3 Bf6 11. Ne1 Ng7 12. Nd3 b6 13. Qd2 Be7 14. Bh6 f5 15. f3 Nc5
16. b3 Bd7 17. Rab1 Bf6 18. exf5 gxf5 19. Kh1 Kh8 20. Nxc5 bxc5 21. f4 e4 22.
Bg5 Qe8 23. Bxf6 Rxf6 24. Nd1 Qg6 25. Ne3 Rff8 26. a3 Qf6 27. b4 axb4 28. axb4
Ra3 29. b5 Rfa8 30. Nc2 Ra2 31. Rb3 Ne8 32. Rfb1 Qg7 33. Qc3 Qxc3 34. Rxc3 Kg7
35. Kg1 Kf8 36. Kf2 Nf6 37. Ke3 Ke7 38. Rbb3 Be8 39. Kd2 Nd7 40. Ra3 R2xa3 41.
Rxa3 Rxa3 42. Nxa3 Nf6 43. Nc2 h5 44. Ne3 Bg6 45. Ng2 Nd7 46. Kc3 Kf6 47. Kb3
Nb6 48. Ne3 Bf7 49. Nd1 Kg6 50. Nf2 Be8 51. Nh3 Bd7 52. Ng5 Bc8 53. Kc3 Bd7 54.
Kd2 Nc8 55. Ke3 Ne7 56. Nh3 Be8 57. Bd1 Nc8 58. Nf2 Nb6 59. Bb3 Bd7 60. Nd1 h4
61. Kf2 hxg3+ 62. Kxg3 Be8 63. Ne3 Kf6 64. Bd1 Bg6 65. h4 Bh7 66. h5 Kg7 67. Kh4
Kh6 68. Be2 Na4 69. Bf1 Nc3 70. Bh3 Ne2 71. Bxf5 Nxf4 72. Bxh7 Kxh7 73. Kg5 Nd3
74. Kf6 Ne5 75. Ke7 1-0

[Event "TCh-FRA Top 12 2014"]
[Site "Saint-Quentin FRA"]
[Date "2014.05.30"]
[Round "7.8"]
[White "Leconte, Maria"]
[Black "Congiu, Mathilde"]
[Result "0-1"]
[WhiteTitle "WGM"]
[BlackTitle "WIM"]
[WhiteElo "2259"]
[BlackElo "2279"]
[WhiteTeam "Club d'Echecs Metz Fischer"]
[BlackTeam "C.E. de Rueil Malmaison"]
[WhiteFideId "618446"]
[BlackFideId "634581"]
[EventDate "2014.05.24"]

1. e4 c5 2. Nf3 d6 3. d4 cxd4 4. Nxd4 Nf6 5. Nc3 a6 6. Bc4 e6 7. O-O Be7 8. Bb3
O-O 9. Re1 Nbd7 10. Bxe6 fxe6 11. Nxe6 Qa5 12. Nxf8 Nxf8 13. Nd5 Nxd5 14. Qxd5+
Qxd5 15. exd5 Kf7 16. Bf4 Nd7 17. c4 Nf6 18. Re3 b5 19. Rae1 Ra7 20. c5 Nxd5 21.
cxd6 Bf6 22. Rc1 Nxe3 23. Bxe3 Ra8 24. b4 Bd7 25. Rc7 Ke6 26. Bc5 Be5 27. Rb7
Rc8 28. g3 Bxd6 29. Rb6 Rc6 30. Rxc6 Bxc6 31. Bd4 g6 32. a3 Kd5 33. Bb2 Kc4 34.
f4 Bc7 35. Kf2 Bb6+ 36. Ke2 Kb3 37. Bc1 Kc2 38. Bd2 Bd4 39. g4 Bb2 40. h4 Bd7
41. f5 gxf5 42. g5 Be8 43. Ke3 f4+ 0-1

[Event "TCh-FRA Top 12 2014"]
[Site "Saint-Quentin FRA"]
[Date "2014.05.30"]
[Round "7.1"]
[White "Edouard, Romain"]
[Black "Ipatov, Alexander"]
[Result "1/2-1/2"]
[WhiteTitle "GM"]
[BlackTitle "GM"]
[WhiteElo "2692"]
[BlackElo "2613"]
[WhiteTeam "Bischwiller"]
[BlackTeam "C.E. de Bois-Colombes"]
[WhiteFideId "633429"]
[BlackFideId "14116731"]
[EventDate "2014.05.24"]

1. d4 Nf6 2. c4 e6 3. Nc3 Bb4 4. Nf3 b6 5. Qb3 a5 6. g3 Bb7 7. Bg2 O-O 8. O-O
Re8 9. Rd1 h6 10. d5 exd5 11. cxd5 Bxc3 12. bxc3 a4 13. Qc4 Re4 14. Nd4 Bxd5 15.
Qd3 Re8 16. Bxd5 Nxd5 17. Qf3 Ra5 18. c4 Nf6 19. Nb5 Ne4 20. Rd4 Qf6 21. Qxf6
Nxf6 22. Bd2 Nc6 23. Rf4 Rxe2 24. Bxa5 Nxa5 25. Nxc7 Rc2 26. Nd5 Nxc4 27. Nxf6+
gxf6 28. Rd1 b5 29. Rd5 Rb2 30. Rxf6 d6 31. Rff5 b4 32. Rf4 Rxa2 33. Rxc4 b3 34.
Rb4 b2 35. Kg2 a3 36. Rxd6 Ra1 37. Rdb6 Re1 38. Rxb2 axb2 39. Rxb2 Re4 40. f4
Kg7 41. Kf3 Ra4 42. Kg4 Kg6 43. Rb6+ Kg7 44. Rb5 Ra2 45. h4 Ra3 46. Rb6 Rc3 47.
f5 h5+ 48. Kxh5 Rxg3 49. f6+ Kh7 50. Rb7 Kg8 51. Rb4 Kh7 52. Rb7 Kg8 53. Rb5 Kh8
54. Rb8+ Kh7 55. Rf8 Rg5+ 56. hxg5 1/2-1/2

[Event "TCh-FRA Top 12 2014"]
[Site "Saint-Quentin FRA"]
[Date "2014.05.30"]
[Round "7.2"]
[White "Cornette, Matthieu"]
[Black "Volokitin, Andrei"]
[Result "0-1"]
[WhiteTitle "GM"]
[BlackTitle "GM"]
[WhiteElo "2547"]
[BlackElo "2638"]
[WhiteTeam "C.E. de Bois-Colombes"]
[BlackTeam "Bischwiller"]
[WhiteFideId "620084"]
[BlackFideId "14107090"]
[EventDate "2014.05.24"]

1. d4 Nf6 2. c4 e6 3. Nc3 Bb4 4. e3 O-O 5. Bd3 d5 6. Nf3 c5 7. O-O cxd4 8. exd4
dxc4 9. Bxc4 Nbd7 10. Qe2 Nb6 11. Bd3 Bd7 12. Bg5 Bc6 13. Ne5 h6 14. Bxf6 Qxf6
15. Ne4 Qd8 16. Rad1 Rc8 17. a3 Be7 18. Nc5 Nd5 19. f4 Nf6 20. Bb1 Bd5 21. Qd3
Bxc5 22. dxc5 Rxc5 23. Ng4 Re8 24. b4 Rc8 25. Nxf6+ Qxf6 26. Qh7+ Kf8 27. f5 Qg5
28. g3 Qe3+ 29. Rf2 Rc1 30. Rxc1 Qxc1+ 31. Rf1 Qb2 0-1

[Event "TCh-FRA Top 12 2014"]
[Site "Saint-Quentin FRA"]
[Date "2014.05.30"]
[Round "7.3"]
[White "Buhmann, Rainer"]
[Black "Amin, Bassem"]
[Result "1/2-1/2"]
[WhiteTitle "GM"]
[BlackTitle "GM"]
[WhiteElo "2579"]
[BlackElo "2628"]
[WhiteTeam "Bischwiller"]
[BlackTeam "C.E. de Bois-Colombes"]
[WhiteFideId "4651340"]
[BlackFideId "10601457"]
[EventDate "2014.05.24"]

1. Nf3 Nf6 2. c4 g6 3. Nc3 Bg7 4. e4 d6 5. d4 O-O 6. Be2 Nbd7 7. O-O e5 8. Re1
Re8 9. Bf1 a6 10. Rb1 exd4 11. Nxd4 c6 12. Bf4 Nc5 13. f3 Nh5 14. Be3 Be5 15.
Qd2 Qf6 16. Rbd1 Bd7 1/2-1/2

[Event "TCh-FRA Top 12 2014"]
[Site "Saint-Quentin FRA"]
[Date "2014.05.30"]
[Round "7.4"]
[White "Bauer, Christian"]
[Black "Schlosser, Philipp"]
[Result "1/2-1/2"]
[WhiteTitle "GM"]
[BlackTitle "GM"]
[WhiteElo "2628"]
[BlackElo "2586"]
[WhiteTeam "C.E. de Bois-Colombes"]
[BlackTeam "Bischwiller"]
[WhiteFideId "603767"]
[BlackFideId "4600169"]
[EventDate "2014.05.24"]

1. b3 b6 2. Bb2 Bb7 3. e3 e6 4. Nf3 Nf6 5. g3 g6 6. Bg2 Bg7 7. O-O O-O 8. c4 c5
9. d4 cxd4 10. exd4 d5 11. Qe2 Nc6 12. Rd1 Rc8 13. Na3 Qd6 14. Nc2 Rfd8 15. Ne3
dxc4 16. bxc4 Na5 17. Rac1 Qe7 18. Bh3 1/2-1/2

[Event "TCh-FRA Top 12 2014"]
[Site "Saint-Quentin FRA"]
[Date "2014.05.30"]
[Round "7.5"]
[White "Marcelin, Cyril"]
[Black "Shoker, Samy"]
[Result "1/2-1/2"]
[WhiteTitle "GM"]
[BlackTitle "IM"]
[WhiteElo "2490"]
[BlackElo "2453"]
[WhiteTeam "Bischwiller"]
[BlackTeam "C.E. de Bois-Colombes"]
[WhiteFideId "607274"]
[BlackFideId "627143"]
[EventDate "2014.05.24"]

1. e4 c5 2. Nf3 g6 3. c3 Bg7 4. d4 Qa5 5. Bc4 cxd4 6. O-O dxc3 7. Nxc3 Nf6 8. e5
Ng4 9. Bxf7+ Kxf7 10. Ng5+ Ke8 11. Qxg4 Nc6 12. f4 d6 13. Qg3 dxe5 14. fxe5 Nd4
15. Qf2 Nf5 16. Bf4 h6 17. Nf3 g5 18. Bg3 Be6 19. Rad1 Rc8 20. Nd4 Nxd4 21. Qxd4
Qc5 22. Qxc5 Rxc5 23. Bf2 Ra5 24. b4 Ra6 25. Nb5 Bxe5 26. Bg3 Bxg3 27. hxg3 Rc6
28. Nxa7 Rc2 29. a4 Rf8 30. Rxf8+ Kxf8 31. Nb5 Bb3 32. a5 Rxg2+ 33. Kxg2 Bxd1
34. Nc7 g4 35. Kf2 e5 36. b5 Bf3 37. a6 bxa6 38. bxa6 Ke7 39. a7 Kd7 40. Nb5 Kc8
41. Nd6+ Kc7 42. Nf7 h5 43. Nxe5 Ba8 44. Ke3 Kb6 45. Kf4 Kxa7 46. Kg5 Bf3 47.
Kxh5 Kb7 48. Kg5 Kc7 49. Kf4 Bd1 50. Nxg4 Kd8 51. Ne5 Bh5 52. g4 Bxg4 53. Kxg4 1/2-1/2

[Event "TCh-FRA Top 12 2014"]
[Site "Saint-Quentin FRA"]
[Date "2014.05.30"]
[Round "7.6"]
[White "Abergel, Thal"]
[Black "Le Roux, Jean-Pierre"]
[Result "0-1"]
[WhiteTitle "GM"]
[BlackTitle "GM"]
[WhiteElo "2417"]
[BlackElo "2546"]
[WhiteTeam "C.E. de Bois-Colombes"]
[BlackTeam "Bischwiller"]
[WhiteFideId "614890"]
[BlackFideId "609404"]
[EventDate "2014.05.24"]

1. e4 c6 2. c4 d5 3. exd5 cxd5 4. cxd5 Nf6 5. Qa4+ Nbd7 6. Nc3 g6 7. Bc4 Bg7 8.
d3 O-O 9. Be3 Ng4 10. Qb3 b5 11. Bxb5 Nxe3 12. fxe3 Rb8 13. Qa4 Bxc3+ 14. bxc3
Qb6 15. Bxd7 Qb2 16. Rd1 Bxd7 17. Qd4 Qc2 18. Nf3 Rb1 19. Rxb1 Qxb1+ 20. Kf2
Qxh1 21. Qxa7 Bg4 22. Ne5 Bh3 23. Qxe7 Qxg2+ 24. Ke1 Qf1+ 25. Kd2 Qf2+ 26. Kd1
Rb8 27. Qxf7+ Qxf7 28. Nxf7 Kxf7 29. e4 Rb2 30. c4 Bf1 31. e5 Bxd3 32. c5 Be4 0-1

[Event "TCh-FRA Top 12 2014"]
[Site "Saint-Quentin FRA"]
[Date "2014.05.30"]
[Round "7.7"]
[White "Netzer, Jean"]
[Black "Kazakov, Mikhail"]
[Result "1/2-1/2"]
[WhiteTitle "IM"]
[BlackTitle "GM"]
[WhiteElo "2402"]
[BlackElo "2517"]
[WhiteTeam "Bischwiller"]
[BlackTeam "C.E. de Bois-Colombes"]
[WhiteFideId "623350"]
[BlackFideId "14102749"]
[EventDate "2014.05.24"]

1. e4 e6 2. d3 d5 3. Nd2 Nf6 4. Ngf3 Be7 5. g3 O-O 6. Bg2 b6 7. O-O Bb7 8. e5
Ne8 9. Re1 c5 10. Nf1 Nc7 11. c3 Nc6 12. h4 f6 13. exf6 Bxf6 14. d4 cxd4 15.
cxd4 Nb5 16. Be3 Nd6 17. N1h2 Nf5 18. Ng4 Rc8 19. Qd2 Kh8 20. Bg5 Qd7 21. Nfe5
Bxe5 22. Nxe5 Nxe5 23. Rxe5 Qa4 24. b3 Qxd4 25. Qxd4 Nxd4 26. Rd1 Rf5 27. Re3
Nb5 1/2-1/2

[Event "TCh-FRA Top 12 2014"]
[Site "Saint-Quentin FRA"]
[Date "2014.05.30"]
[Round "7.8"]
[White "Dacalor, Aurelie"]
[Black "Maisuradze, Nino"]
[Result "0-1"]
[WhiteTitle "WFM"]
[BlackTitle "WGM"]
[WhiteElo "2030"]
[BlackElo "2258"]
[WhiteTeam "C.E. de Bois-Colombes"]
[BlackTeam "Bischwiller"]
[WhiteFideId "617083"]
[BlackFideId "13601717"]
[EventDate "2014.05.24"]

1. d4 Nf6 2. c4 c5 3. d5 e6 4. Nc3 exd5 5. cxd5 d6 6. e4 g6 7. f4 Qe7 8. Bd3 Bg7
9. Nf3 Bg4 10. O-O O-O 11. h3 Bxf3 12. Qxf3 Na6 13. Bd2 Nc7 14. Rae1 Qd7 15. Kh1
Rab8 16. f5 b5 17. g4 c4 18. Bb1 Nfe8 19. Bc1 b4 20. Ne2 Nb5 21. Qe3 c3 22. bxc3
Nxc3 23. Nxc3 bxc3 24. Bc2 Be5 25. Bb3 a5 26. Qe2 a4 27. Bc2 Nf6 28. Ba3 Rfe8
29. Rb1 Qa7 30. Kg2 Kh8 31. Rxb8 Rxb8 32. fxg6 hxg6 33. Qf2 Qxf2+ 34. Rxf2 Kg7
35. Rf1 Rc8 36. Rb1 g5 37. Rh1 Bf4 38. Kf3 Nd7 39. Ke2 Nb6 40. Bc1 Bxc1 41. Rxc1
Rh8 42. Rh1 a3 43. Kd3 Rc8 44. Bb3 Nd7 45. Bc2 Ne5+ 46. Kd4 Rc4+ 47. Ke3 Rb4 48.
Bb3 Nd7 49. Rb1 Nc5 50. Bc2 Rb2 51. Rxb2 cxb2 52. Kd4 Kf6 53. Kc3 Ke5 54. Kb4
Kd4 55. Kxa3 Kc3 56. Bb1 f6 57. e5 fxe5 58. h4 gxh4 59. g5 h3 60. g6 Nd7 0-1

[Event "TCh-FRA Top 12 2014"]
[Site "Saint-Quentin FRA"]
[Date "2014.05.30"]
[Round "7.1"]
[White "Navara, David"]
[Black "Jakovenko, Dmitry"]
[Result "1/2-1/2"]
[WhiteTitle "GM"]
[BlackTitle "GM"]
[WhiteElo "2708"]
[BlackElo "2730"]
[WhiteTeam "Mulhouse Philidor"]
[BlackTeam "Clichy-Echecs-92"]
[WhiteFideId "309095"]
[BlackFideId "4122356"]
[EventDate "2014.05.24"]

1. e4 e5 2. Nf3 Nc6 3. d4 exd4 4. Nxd4 Nf6 5. Nxc6 bxc6 6. e5 Qe7 7. Qe2 Nd5 8.
c4 Ba6 9. b3 g6 10. f4 g5 11. fxg5 O-O-O 12. h4 h6 13. gxh6 Bxh6 14. Bxh6 Rxh6
15. Nd2 Nb4 16. Nf3 c5 17. O-O-O Bb7 18. a3 Nc6 19. Rh3 Re6 20. h5 Nxe5 21. Nxe5
Rxe5 22. Qd2 Qg5 23. h6 Rh8 24. Bd3 Bxg2 25. Qxg5 Rxg5 26. Rh2 Bf3 27. Rf1 Rh5
28. Rxh5 Bxh5 29. Rh1 Rxh6 30. Be2 Bxe2 31. Rxh6 Bg4 32. Kd2 Kb7 1/2-1/2